2025 College World Series Teams - Statistics

General Stats
  • This quiz has been taken 55 times
  • The average score is 38 of 64
Answer Stats
Answer % Correct
Oregon
93%
Texas
93%
Florida
90%
Florida State
90%
LSU
90%
Ole Miss
90%
Arizona
88%
Arkansas
88%
Oklahoma
88%
UCLA
88%
Alabama
85%
Mississippi State
85%
North Carolina
85%
Oklahoma State
85%
Tennessee
85%
Vanderbilt
85%
Duke
83%
Georgia
80%
Louisville
80%
Miami (FL)
80%
Miami (OH)
80%
Oregon State
80%
USC
75%
Arizona State
73%
Auburn
73%
Georgia Tech
70%
Kentucky
68%
Nebraska
68%
TCU
68%
Kansas
65%
Coastal Carolina
63%
Murray State
63%
Clemson
60%
Kansas State
60%
Southern Miss
58%
Wake Forest
55%
West Virginia
55%
East Carolina
53%
NC State
53%
UTSA
53%
Wright State
53%
Cincinnati
48%
Creighton
45%
Dallas Baptist
45%
Saint Mary's
45%
North Dakota State
40%
Little Rock
38%
Northeastern
38%
UC Irvine
35%
Cal Poly
33%
Columbia
33%
Houston Christian
33%
Fresno State
30%
East Tennessee State
28%
Holy Cross
28%
Stetson
28%
Binghamton
25%
Rhode Island
25%
Utah Valley
25%
Bethune-Cookman
20%
Fairfield
20%
Western Kentucky
20%
Central Connecticut
18%
SC-Upstate
13%
No matching quizzes found
Score Distribution
Percent of People with Each Score
Percentile by Number Answered
Your Score History
You have not taken this quiz